00258nam a22000857a 4500008004100000040005500041245002700096260003500123300001400158240823b |||||||| |||| 00| 0 eng d aNational Science LibrarycNational Science Library aDas englische fachwort aGermany: bW. Girardet, c1940 avi, 205p.